| 000 | 00782cam a22002171 4500 | ||
|---|---|---|---|
| 001 | sa 64007498 | ||
| 003 | DLC | ||
| 005 | 20260227112047.0 | ||
| 008 | 860207s1963 io ac 000 0 ind | ||
| 010 | _asa 64007498 | ||
| 025 | _aPL480:Indo-887 | ||
| 035 | _a(OCoLC)13118244 | ||
| 040 |
_aDLC _cKyU _dKyU _dDLC |
||
| 042 | _apremarc | ||
| 050 | 0 | 0 |
_aDS644 _b.2 1963.S94 |
| 100 | 0 |
_aSoekarno, _d1901-1970. |
|
| 245 | 1 | 0 |
_aIlmu pengetahuan sekadar alat mentjapai sesuatu. _cAmanat pada upatjara pemberian gelar doctor kehormatan dalam ilmu pengetahuan kemasjarakatan oleh Universitas Indonesia pada tanggal 2 Pebruari 1963 di Djakarta. |
| 260 |
_a[Djakarta] _bDepartemen Penerangan _c[cover 1963] |
||
| 300 |
_a40 p. _billus., ports. _c24 cm. |
||
| 500 | _a"Penerbitan chusus, 253." | ||
| 999 |
_c60295 _d60295 |
||